000 00511nam a2200181Ia 4500
005 20250326125146.0
008 250326s9999 xx 000 0 und d
037 _aTextbook
040 _aFMSL
_beng
_cFMSL
041 _aeng
_2eng
084 _aX:97 J9
_qFMSL
100 _aDavey H W
_9127564
245 0 _aNew dimensions in collective bargaining
_cDavey H W; Kaltenborn H S And Others
260 _aNY
_bNY, Harper
_c1959
300 _a203p
942 _cTB
_hX:97 J9
999 _c1276795
_d1276795